Football Player Facts Click Quiz - Statistics

General Stats
  • This quiz has been taken 8 times
  • The average score is 7 of 8
Answer Stats
Hint Answer % Correct
Most Champions League Goals Cristiano Ronaldo
100%
Most Ballon d'Or Messi
100%
Most Wins Of The FIFA World Cup Pele
100%
Most Premier League Goals In A Season Erling Haaland
75%
Oldest Current Player Kazuyoshi Miura
75%
Most Goals In World Cup Finals Kylian Mbappé
75%
Most Expensive Transfer Neymar Jr
75%
Most Goals Scored In A Match Jacek Magdziński
50%
No matching quizzes found
Score Distribution
Percent of People with Each Score
Percentile by Number Answered
Your Score History
You have not taken this quiz